000 00812nam a22002297a 4500
005 20251108173032.0
008 250721s2000 xx 000 0 ara d
082 1 4 _aم/956.6/فاس
100 1 _aالفاسي، تقي الدين أبو الطيب محمد بن أحمد
_eمؤلف
245 1 0 _aشفاء الغرام بأخبار البلد الحرام /
264 1 _aبيروت :
_bدار الكتب العلمية،
_c2000.
300 _aمج
500 _aيوجد الجزء الثاني فقط للمركزية
650 1 7 _aالأماكن المقدسة
650 1 7 _aالمسجد الحرام
650 1 7 _aالكعبة
650 1 7 _aالتاريخ الإسلامي
650 1 7 _aالسيرة النبوية
650 1 7 _aالمسجد النبوي
942 _2ddc
_cREF
999 _c94529
_d94529